000 005240000a22001570004500
005 20120302065127.0
942 _cBOOK
100 _a Swarge, Bhau
245 _a Nityopasana
250 _a 4
260 _aNasik:Shreerang Avadhoot Shaikshanik va Sanskrutik Sanstha, 1994
300 _a224p..-ill
040 _aMar
365 _b25/-
650 _aAtharvasheersha (Artha), Purushasukta (Artha), Streesukta (Artha), Datta bavani (Artha), Ovya, Shlok, Rangavadhoot maharaj, Nareshwar, Bhupalya, Arti, Rang Bavani, Sankeerna
999 _c363964
_d363961